• 首页
  • 本馆介绍
  • 公告通知
  • 最新文献
  • 馆藏检索
  • 电子资源
  • 读者导购
  • 参考咨询
  • 我的图书馆
  • 登录
  • 详细信息显示
  • 放入我的书架
  • 预约/预借图书
  • 作者相关作品
  • 分类相关作品
  • 丛书相关作品
  • 出版社相关作品

书目信息

  • 表格格式
  • 工作单格式
  • 卡片格式
题名:
野葡萄
    
 
作者: 葛翠琳 著
分册:  
出版信息: 北京   人民文学出版社  1980.9
页数: 201页
开本: 19cm
丛书名:
单 册:
中图分类: I277.5
科图分类:
主题词: 民间文学--中国
电子资源:
ISBN:
000 00521nam0 2200205 45
001 0307020903
005 20040413144006.5
010    @dCNY0.47
091    @a10019.2917
100    @a20030702d1980 km y0chiy0120 ea
101 0  @achi
105    @a z 000ay
200 1  @a野葡萄@AYe Pu Tao@f葛翠琳著@FGe Cui Lin Zhu
210    @a北京@c人民文学出版社@d1980.9
215    @a201页@d19cm
606 0  @a民间文学@x中国
690    @aI277.5@v3
701  0 @a葛翠琳@4著
801    @aCN@bTSTC@c20030702
905    @dI277.5@e17@f1@b36836
    
    野葡萄/葛翠琳著.-北京:人民文学出版社,1980.9
    201页;19cm
    
    
    ISBN :CNY0.47
    
●
相关链接 在E读中查询图书 在五车中查询图书 在当当中查询图书 在豆瓣中查询图书


正题名:野葡萄     索取号:I277.5/17         预约/预借

序号 登录号 条形码 馆藏地/架位号 状态 备注
1 0036835   000062103   第一样本阅览室/ [索取号:I277.5/17] 在馆    
2 0036836   000038676   第二借阅区/ [索取号:I277.5/17] 在馆    
3 0036837   001826475   密集书库/ [索取号:I277.5/17] 在馆    
唐山师范学院图书馆 欢迎您!
大连网信软件有限公司© 版权所有